Statistics for Places Mentioned in the Song "Kokomo"

Click here to take the quiz!

General Stats

  • This quiz has been taken 14,015 times
  • The average score is 5 of 9

Answer Stats

Tropical Place% Correct
Bahama[s]
94%
Jamaica
89%
Bermuda
81%
Aruba
78%
Key Largo
70%
Montego [Bay]
69%
Martinique
24%
Montserrat
22%
Port-au-Prince
19%

Score Distribution

Percentile by Number Answered

Percent of People with Each Score

Your Score History

You have not taken this quiz